000 00229nam a2200085Ia 4500
008 220204s9999 xx 000 0 und d
082 _a058
_bINT
245 0 _aInternational yearbook and statesman's who's who. 1978, 1979
942 _cBK
999 _c34476
_d34476